[Event "84th ESP-ch 2019"]
[Site "Marbella"]
[Date "2019.11.24"]
[Round "9.17"]
[White "Berrocal Ruiz, Valentin"]
[Black "Perez Garcia, Alejandro"]
[Result "1/2-1/2"]
[WhiteElo "2143"]
[BlackElo "2343"]
[Annotator "NA"]
[PlyCount "98"]
[EventDate "2019.11.16"]
[EventType "swiss"]
[EventCountry "ESP"]
[SourceTitle "playchess.com"]
[Source "ChessBase"]
[SourceQuality "1"]
[TimeControl "5400+30"]

1. e4 {[%emt 0:00:00]} c6 {[%emt 0:00:00]} 2. d4 {[%emt 0:00:00]} d5 {[%emt 0:00:00]} 3. exd5 {[%emt 0:00:00]} cxd5 {[%emt 0:00:00]} 4. Bd3 {[%emt 0:00:00]} g6 {[%emt 0:00:04]} 5. c3 $11 {[%emt 0:00:41]} Bf5 {[%emt 0:01:09]} 6. Bxf5 {[%emt 0:03:24]} gxf5 {[%emt 0:00:05]} 7. Bg5 {[%emt 0:00:15]} Nc6 {[%emt 0:09:06]} 8. Nd2 {[%emt 0:04:28]} Qd7 {[%emt 0:07:29]} 9. Nb3 {[%emt 0:04:43]} b6 {[%emt 0:16:25]} 10. Nh3 {[%emt 0:08:17]} e6 {[%emt 0:14:01]} 11. Qe2 {[%emt 0:08:39]} Bd6 {[%emt 0:06:58]} 12. Bf4 {[%emt 0:20:58]} Nf6 {[%emt 0:05:26]} 13. Nc1 {[%emt 0:07:20]} Rg8 {[%emt 0:04:18]} 14. g3 {[%emt 0:02:43]} Rc8 {[%emt 0:10:21]} 15. Nd3 {[%emt 0:00:25]} Ne7 {[%emt 0:03:50]} 16. Bg5 {[%emt 0:10:16]} Ne4 {[%emt 0:03:31]} 17. Be3 {[%emt 0:04:10]} Qb5 {[%emt 0:03:01]} 18. Rg1 {[%emt 0:04:25]} a5 19. f3 {[%emt 0:01:11]} Nf6 {[%emt 0:04:07]} 20. Bf4 {[%emt 0:04:04]} Bxf4 {[%emt 0:01:55]} 21. Nhxf4 {[%emt 0:00:12]} Ng6 {[%emt 0:00:58]} 22. Kf2 {[%emt 0:02:06]} Nxf4 {[%emt 0:00:34]} 23. Nxf4 {[%emt 0:00:07]} Qxe2+ {[%emt 0:00:42]} 24. Kxe2 {[%emt 0:00:20]} Ke7 {[%emt 0:01:08]} 25. Kf2 {[%emt 0:00:40]} Kd6 {[%emt 0:00:44]} 26. Rge1 {[%emt 0:00:18]} b5 {[%emt 0:02:27]} 27. Nd3 {[%emt 0:00:07]} Nd7 {[%emt 0:01:58]} 28. a3 {[%emt 0:00:41]} Rc4 {[%emt 0:00:59]} 29. Rac1 {[%emt 0:04:18]} Rc7 {[%emt 0:01:50]} 30. Ke3 {[%emt 0:00:27]} Nb6 {[%emt 0:01:00]} 31. Re2 {[%emt 0:00:58]} Nc4+ {[%emt 0:00:43]} 32. Kf2 {[%emt 0:00:07]} a4 {[%emt 0:00:35]} 33. Ne5 {[%emt 0:00:49]} f6 {[%emt 0:00:32]} 34. Nd3 {[%emt 0:00:25]} e5 {[%emt 0:00:11]} 35. dxe5+ {[%emt 0:00:51]} fxe5 {[%emt 0:00:04]} 36. Rd1 {[%emt 0:00:12]} e4 {[%emt 0:00:29]} 37. Nb4 {[%emt 0:01:18]} e3+ {[%emt 0:01:00]} 38. Kg2 {[%emt 0:00:17]} Rc5 {[%emt 0:00:42]} 39. Nd3 {[%emt 0:00:09]} Rc7 {[%emt 0:00:32]} 40. Nf4 {[%emt 0:00:06]} Rc5 {[%emt 0:00:29]} 41. Nd3 {[%emt 0:00:09]} Rcc8 {[%emt 0:00:29]} 42. Nf4 {[%emt 0:00:07]} Rc5 {[%emt 0:00:34]} 43. Nd3 {[%emt 0:00:13]} Rcc8 {[%emt 0:00:29]} 44. Nf4 {[%emt 0:00:06]} Rgd8 {[%emt 0:00:30]} 45. Rxd5+ {[%emt 0:02:19]} Kc6 {[%emt 0:00:03]} 46. Rd4 {[%emt 0:01:21]} Rxd4 {[%emt 0:00:51]} 47. cxd4 {[%emt 0:00:06]} Rb8 {[%emt 0:00:20]} 48. Rc2 {[%emt 0:00:40]} Rd8 {[%emt 0:00:28]} 49. d5+ {[%emt 0:00:10]} Kd6 {[%emt 0:00:38]} 1/2-1/2

[Event "84th ESP-ch 2019"]
[Site "Marbella"]
[Date "2019.11.24"]
[Round "9.18"]
[White "Sanjuan Garcia, Miguel"]
[Black "Guerra Rivera, Salvador"]
[Result "1-0"]
[WhiteElo "2021"]
[BlackElo "2334"]
[Annotator "NA"]
[PlyCount "83"]
[EventDate "2019.11.16"]
[EventType "swiss"]
[EventCountry "ESP"]
[SourceTitle "playchess.com"]
[Source "ChessBase"]
[SourceQuality "1"]
[TimeControl "5400+30"]

1. e4 {[%emt 0:00:00]} e5 {[%emt 0:00:00]} 2. Nf3 {[%emt 0:01:24]} d6 {[%emt 0:00:08]} 3. Bc4 {[%emt 0:00:37]} Be7 {[%emt 0:00:10]} 4. c3 {[%emt 0:00:30]} Nf6 {[%emt 0:00:41]} 5. d3 {[%emt 0:00:24]} O-O {[%emt 0:02:42]} 6. Nbd2 {[%emt 0:00:11]} c6 {[%emt 0:00:55]} 7. Bb3 {[%emt 0:00:59]} a5 {[%emt 0:10:16]} 8. a4 {[%emt 0:00:20]} Nbd7 {[%emt 0:00:21]} 9. Qe2 {[%emt 0:02:10]} Nc5 {[%emt 0:00:47]} 10. Bc2 {[%emt 0:00:12]} Re8 {[%emt 0:06:32]} 11. O-O {[%emt 0:00:14]} Bf8 {[%emt 0:00:31]} 12. Nc4 {[%emt 0:03:14]} h6 {[%emt 0:02:33]} 13. Be3 {[%emt 0:05:43]} Qc7 {[%emt 0:02:30]} 14. b4 {[%emt 0:08:24]} axb4 {[%emt 0:00:14]} 15. cxb4 {[%emt 0:00:01]} Ncd7 {[%emt 0:02:45]} 16. a5 {[%emt 0:01:29]} d5 {[%emt 0:11:27]} 17. Nb6 {[%emt 0:00:17]} Ra6 {[%emt 0:00:15]} 18. Nxc8 {[%emt 0:16:11]} Qxc8 {[%emt 0:01:24]} 19. Rab1 {[%emt 0:03:58]} d4 {[%emt 0:06:12]} 20. Bd2 {[%emt 0:00:02]} b5 {[%emt 0:00:07]} 21. Rfc1 {[%emt 0:07:14]} Ra7 {[%emt 0:01:06]} 22. Bb3 {[%emt 0:07:13]} Nb8 {[%emt 0:00:13]} 23. Nh4 {[%emt 0:04:36]} Kh7 {[%emt 0:01:07]} 24. f4 {[%emt 0:03:34]} exf4 {[%emt 0:01:56]} 25. Qf2 {[%emt 0:01:39]} Na6 {[%emt 0:17:37]} 26. Ba2 {[%emt 0:00:27]} Ng4 {[%emt 0:02:43]} 27. Qxf4 {[%emt 0:04:06]} Ne5 {[%emt 0:00:36]} 28. Qg3 {[%emt 0:01:35]} g6 {[%emt 0:01:15]} 29. Nf3 {[%emt 0:00:46]} Nxd3 {[%emt 0:06:55]} 30. Ng5+ {[%emt 0:00:01]} hxg5 {[%emt 0:00:07]} 31. Qxd3 {[%emt 0:00:06]} Rd7 {[%emt 0:01:58]} 32. Bxg5 {[%emt 0:03:06]} Bg7 {[%emt 0:01:27]} 33. Rf1 {[%emt 0:05:12]} Qc7 {[%emt 0:00:15]} 34. Qh3+ {[%emt 0:04:14]} Kg8 {[%emt 0:00:02]} 35. Rf6 {[%emt 0:01:29]} Rxe4 {[%emt 0:17:18]} 36. Rbf1 {[%emt 0:05:25]} Re3 {[%emt 0:01:32]} 37. Rxf7 {[%emt 0:07:25]} Rd5 {[%emt 0:01:13]} 38. Rxc7 {[%emt 0:00:47]} Rxh3 {[%emt 0:00:05]} 39. Bxd5+ {[%emt 0:00:11]} cxd5 {[%emt 0:00:18]} 40. Rc8+ {[%emt 0:00:09]} Kh7 {[%emt 0:00:39]} 41. gxh3 {[%emt 0:00:12]} d3 {[%emt 0:00:01]} 42. Rf7 {[%emt 0:00:47]} 1-0

[Event "84th ESP-ch 2019"]
[Site "Marbella"]
[Date "2019.11.24"]
[Round "9.19"]
[White "Romero Calduch, Sergio"]
[Black "Zurano Lopez, Pedro"]
[Result "1-0"]
[WhiteElo "2130"]
[BlackElo "2292"]
[Annotator "NA"]
[PlyCount "123"]
[EventDate "2019.11.16"]
[EventType "swiss"]
[EventCountry "ESP"]
[SourceTitle "playchess.com"]
[Source "ChessBase"]
[SourceQuality "1"]
[TimeControl "5400+30"]

1. d4 {[%emt 0:00:00]} Nf6 {[%emt 0:00:00]} 2. Nf3 {[%emt 0:00:00]} e6 {[%emt 0:00:00]} 3. c4 {[%emt 0:00:02]} d5 {[%emt 0:00:03]} 4. g3 {[%emt 0:03:08]} dxc4 {[%emt 0:00:48]} 5. Qc2 {[%emt 0:03:09]} Nc6 {[%emt 0:05:55]} 6. Qxc4 {[%emt 0:02:41]} Nd5 {[%emt 0:04:01]} 7. a3 {[%emt 0:02:33]} Nb6 {[%emt 0:00:52]} 8. Qd3 {[%emt 0:00:43]} e5 {[%emt 0:00:17]} 9. dxe5 {[%emt 0:31:21]} Qxd3 {[%emt 0:02:33]} 10. exd3 {[%emt 0:00:05]} Bg4 {[%emt 0:00:46]} 11. Nbd2 {[%emt 0:00:14]} O-O-O {[%emt 0:01:49]} 12. h3 {[%emt 0:03:18]} Bf5 {[%emt 0:03:21]} 13. Ne4 {[%emt 0:00:14]} Be7 {[%emt 0:02:55]} 14. Bd2 {[%emt 0:08:39]} Rhe8 {[%emt 0:09:52]} 15. O-O-O {[%emt 0:02:50]} Bxe4 {[%emt 0:05:11]} 16. dxe4 {[%emt 0:00:11]} Bc5 {[%emt 0:00:35]} 17. Bb5 {[%emt 0:09:56]} Bxf2 {[%emt 0:01:10]} 18. Bf4 {[%emt 0:00:12]} h6 {[%emt 0:02:24]} 19. h4 {[%emt 0:00:10]} Re6 {[%emt 0:04:42]} 20. Rxd8+ {[%emt 0:02:31]} Kxd8 {[%emt 0:02:49]} 21. Rd1+ {[%emt 0:00:25]} Nd7 {[%emt 0:02:03]} 22. Bf1 {[%emt 0:07:00]} Re7 {[%emt 0:02:22]} 23. Bh3 {[%emt 0:00:46]} Bb6 {[%emt 0:00:41]} 24. h5 {[%emt 0:01:27]} Ke8 {[%emt 0:05:00]} 25. Nh4 {[%emt 0:00:09]} Nd4 {[%emt 0:00:19]} 26. Nf5 {[%emt 0:04:24]} Nxf5 {[%emt 0:00:41]} 27. exf5 {[%emt 0:00:07]} Nxe5 {[%emt 0:04:27]} 28. f6 {[%emt 0:00:13]} gxf6 {[%emt 0:00:48]} 29. Bxh6 {[%emt 0:00:04]} Nf3 {[%emt 0:02:25]} 30. Bf4 {[%emt 0:01:11]} Be3+ {[%emt 0:17:30]} 31. Bxe3 {[%emt 0:02:38]} Rxe3 {[%emt 0:00:05]} 32. h6 {[%emt 0:00:12]} Ng5 {[%emt 0:01:10]} 33. Bf5 {[%emt 0:00:11]} Rxg3 {[%emt 0:01:29]} 34. h7 {[%emt 0:00:22]} Nxh7 {[%emt 0:00:13]} 35. Bxh7 {[%emt 0:00:02]} Rg5 {[%emt 0:00:32]} 36. Be4 {[%emt 0:00:57]} c6 {[%emt 0:00:14]} 37. Rf1 {[%emt 0:02:10]} Ke7 {[%emt 0:00:30]} 38. Bf5 {[%emt 0:00:08]} b6 {[%emt 0:00:35]} 39. Be4 {[%emt 0:01:53]} c5 {[%emt 0:00:35]} 40. Bd3 {[%emt 0:00:20]} c4 {[%emt 0:01:17]} 41. Bc2 {[%emt 0:00:27]} b5 {[%emt 0:01:36]} 42. a4 {[%emt 0:05:44]} a6 {[%emt 0:02:09]} 43. a5 {[%emt 0:01:54]} b4 {[%emt 0:04:16]} 44. Rf5 {[%emt 0:00:51]} Rg1+ {[%emt 0:04:36]} 45. Bd1 {[%emt 0:00:08]} c3 {[%emt 0:01:27]} 46. b3 {[%emt 0:03:32]} Rg2 {[%emt 0:01:41]} 47. Rf4 {[%emt 0:00:20]} Ra2 {[%emt 0:00:44]} 48. Rxb4 {[%emt 0:00:05]} Rxa5 {[%emt 0:00:05]} 49. Kc2 {[%emt 0:01:12]} f5 {[%emt 0:01:33]} 50. Kxc3 {[%emt 0:00:37]} Kd6 {[%emt 0:00:13]} 51. Be2 {[%emt 0:00:28]} Rc5+ {[%emt 0:00:30]} 52. Rc4 {[%emt 0:00:31]} Ra5 {[%emt 0:00:24]} 53. Ra4 {[%emt 0:01:35]} Rc5+ {[%emt 0:00:44]} 54. Kb4 {[%emt 0:00:12]} Rc2 {[%emt 0:00:47]} 55. Rxa6+ {[%emt 0:00:09]} Ke5 {[%emt 0:00:34]} 56. Ra5+ {[%emt 0:00:38]} Ke4 {[%emt 0:00:10]} 57. Bc4 {[%emt 0:01:04]} f6 {[%emt 0:00:31]} 58. Ra6 {[%emt 0:00:18]} f4 {[%emt 0:00:34]} 59. Rxf6 {[%emt 0:00:17]} f3 {[%emt 0:00:10]} 60. Kc5 {[%emt 0:00:27]} f2 {[%emt 0:01:19]} 61. b4 {[%emt 0:00:19]} Ke5 {[%emt 0:00:45]} 62. Rf8 {[%emt 0:00:19] Kd5+} 1-0

[Event "84th ESP-ch 2019"]
[Site "Marbella"]
[Date "2019.11.24"]
[Round "9.20"]
[White "Serarols Mabras, Bernat"]
[Black "Rodriguez Reinoso, Victoriano"]
[Result "1-0"]
[WhiteElo "2367"]
[BlackElo "2204"]
[Annotator "NA"]
[PlyCount "59"]
[EventDate "2019.11.16"]
[EventType "swiss"]
[EventCountry "ESP"]
[SourceTitle "playchess.com"]
[Source "ChessBase"]
[SourceQuality "1"]
[TimeControl "5400+30"]

1. d4 {[%emt 0:01:14]} Nf6 {[%emt 0:00:00]} 2. c4 {[%emt 0:00:07]} e6 {[%emt 0:00:00]} 3. g3 {[%emt 0:00:09]} d5 {[%emt 0:00:15]} 4. Bg2 {[%emt 0:00:03]} Bb4+ {[%emt 0:00:37]} 5. Bd2 {[%emt 0:00:04]} Be7 {[%emt 0:00:19]} 6. Nf3 {[%emt 0:00:05]} O-O {[%emt 0:00:32]} 7. O-O {[%emt 0:00:05]} Nbd7 {[%emt 0:01:37]} 8. Qc2 {[%emt 0:00:05]} c6 {[%emt 0:00:52]} 9. Bf4 {[%emt 0:00:05]} b6 {[%emt 0:01:32]} 10. Rd1 {[%emt 0:00:06]} Bb7 {[%emt 0:04:32]} 11. Ne5 {[%emt 0:00:16]} Nxe5 {[%emt 0:04:45]} 12. dxe5 {[%emt 0:01:07]} Nd7 {[%emt 0:00:14]} 13. cxd5 {[%emt 0:01:01]} cxd5 {[%emt 0:00:57]} 14. e4 {[%emt 0:01:21]} dxe4 {[%emt 0:07:25]} 15. Bxe4 {[%emt 0:07:01]} Bxe4 {[%emt 0:01:39]} 16. Qxe4 {[%emt 0:00:07]} Nc5 {[%emt 0:00:57]} 17. Qe2 {[%emt 0:04:31]} Qc7 {[%emt 0:00:59]} 18. Nc3 {[%emt 0:03:29]} Rfd8 {[%emt 0:17:47]} 19. b4 {[%emt 0:25:53]} Rxd1+ {[%emt 0:14:15]} 20. Rxd1 {[%emt 0:02:10]} Nd7 {[%emt 0:01:23]} 21. Qe4 {[%emt 0:05:57]} Rd8 {[%emt 0:01:13]} 22. Nb5 {[%emt 0:00:26]} Qb8 {[%emt 0:00:34]} 23. Rc1 {[%emt 0:14:22]} g5 {[%emt 0:10:08]} 24. Nd4 {[%emt 0:02:30]} Qa8 {[%emt 0:05:55]} 25. Nc6 {[%emt 0:00:46]} Kg7 {[%emt 0:04:14]} 26. Qd4 {[%emt 0:05:51]} gxf4 {[%emt 0:04:07]} 27. Nxd8 {[%emt 0:00:37]} Qxd8 {[%emt 0:00:20]} 28. Rd1 {[%emt 0:00:10]} Qa8 {[%emt 0:02:09]} 29. Qxd7 {[%emt 0:00:25]} Bxb4 {[%emt 0:00:17]} 30. Rd4 {[%emt 0:02:21]} 1-0

[Event "84th ESP-ch 2019"]
[Site "Marbella"]
[Date "2019.11.24"]
[Round "9.21"]
[White "Perera Borrego, Maria Adela"]
[Black "Espinosa Aranda, Angel"]
[Result "0-1"]
[WhiteElo "2201"]
[BlackElo "2511"]
[Annotator "ChessBase"]
[PlyCount "134"]
[EventDate "2019.11.16"]
[EventType "swiss"]
[EventCountry "ESP"]
[SourceTitle "playchess.com"]
[Source "ChessBase"]
[SourceQuality "1"]
[TimeControl "5400+30"]

1. Nf3 {[%emt 0:00:00]} Nf6 {[%emt 0:00:00]} 2. g3 {[%emt 0:00:03]} b5 {[%emt 0:00:03]} 3. Bg2 {[%emt 0:00:27]} Bb7 {[%emt 0:00:05]} 4. b3 {[%emt 0:00:25]} e6 {[%emt 0:00:32]} 5. Bb2 {[%emt 0:01:15]} Be7 {[%emt 0:00:07]} 6. c4 {[%emt 0:01:28]} a6 {[%emt 0:00:05]} 7. O-O {[%emt 0:00:17]} c5 {[%emt 0:00:30]} 8. d3 {[%emt 0:02:35]} O-O {[%emt 0:00:31]} 9. Nbd2 {[%emt 0:00:49]} d6 {[%emt 0:01:50]} 10. e3 {[%emt 0:04:46]} Nc6 {[%emt 0:03:58]} 11. Qe2 {[%emt 0:01:15]} Qb6 {[%emt 0:00:37]} 12. Rac1 {[%emt 0:00:48]} Rfd8 {[%emt 0:04:11]} 13. Rfd1 {[%emt 0:02:23]} Rac8 {[%emt 0:00:51]} 14. h3 {[%emt 0:04:43]} d5 {[%emt 0:01:36]} 15. cxd5 {[%emt 0:06:43]} Nxd5 {[%emt 0:02:35]} 16. Nf1 {[%emt 0:04:46]} Nf6 {[%emt 0:10:48]} 17. g4 {[%emt 0:01:22]} Nb4 {[%emt 0:08:41]} 18. a3 {[%emt 0:05:42]} Nc6 {[%emt 0:00:24]} 19. Ng3 {[%emt 0:02:50]} Na5 {[%emt 0:00:24]} 20. Rb1 {[%emt 0:04:44]} Bd5 {[%emt 0:02:25]} 21. b4 {[%emt 0:06:52]} Nb7 {[%emt 0:00:48]} 22. g5 {[%emt 0:00:55]} Ne8 {[%emt 0:00:07]} 23. bxc5 {[%emt 0:02:45]} Nxc5 {[%emt 0:00:06]} 24. Bd4 {[%emt 0:02:35]} Qb7 {[%emt 0:03:06]} 25. e4 {[%emt 0:04:09]} Bb3 {[%emt 0:02:53]} 26. Rdc1 {[%emt 0:03:07]} Ba4 {[%emt 0:00:12]} 27. Rc3 {[%emt 0:03:57]} Nd7 {[%emt 0:00:44]} 28. Nh5 {[%emt 0:09:04]} g6 {[%emt 0:13:37]} 29. Ng3 {[%emt 0:00:37]} Rxc3 {[%emt 0:04:43]} 30. Bxc3 {[%emt 0:00:02]} Qc7 {[%emt 0:00:12]} 31. Qb2 {[%emt 0:03:22]} Bf8 {[%emt 0:07:16]} 32. d4 {[%emt 0:07:18]} Nd6 {[%emt 0:00:43]} 33. Nd2 {[%emt 0:01:24]} Rc8 {[%emt 0:05:47]} 34. Ne2 {[%emt 0:02:11]} Nb6 {[%emt 0:02:15]} 35. Ba5 {[%emt 0:01:50]} Ndc4 {[%emt 0:00:48]} 36. Bxb6 {[%emt 0:07:25]} Qxb6 {[%emt 0:00:46]} 37. Nxc4 {[%emt 0:00:02]} Rxc4 {[%emt 0:00:06]} 38. Rc1 {[%emt 0:00:30]} Rxc1+ {[%emt 0:00:53]} 39. Qxc1 {[%emt 0:00:30]} Qd6 {[%emt 0:00:06]} 40. Qc8 {[%emt 0:01:15]} Bd1 {[%emt 0:01:19]} 41. e5 {[%emt 0:00:44]} Qxa3 {[%emt 0:00:32]} 42. Ng3 {[%emt 0:01:24]} Bf3 {[%emt 0:01:27]} 43. Bxf3 {[%emt 0:01:33]} Qxf3 {[%emt 0:00:05]} 44. Qxa6 {[%emt 0:00:03]} b4 {[%emt 0:00:05]} 45. Qb6 {[%emt 0:00:32]} b3 {[%emt 0:01:11]} 46. Qb8 {[%emt 0:00:15]} Kg7 {[%emt 0:00:06]} 47. Nf1 {[%emt 0:00:50]} Qc3 {[%emt 0:02:58]} 48. d5 {[%emt 0:00:41]} exd5 {[%emt 0:00:54]} 49. e6 {[%emt 0:00:01]} fxe6 {[%emt 0:01:55]} 50. Qb7+ {[%emt 0:00:42]} Kg8 {[%emt 0:00:27]} 51. Qb6 {[%emt 0:00:25]} Qxh3 {[%emt 0:00:31]} 52. Ng3 {[%emt 0:00:05]} Qg4 {[%emt 0:00:25]} 53. Kg2 {[%emt 0:00:49]} b2 {[%emt 0:00:20]} 54. f3 {[%emt 0:00:47]} b1=Q {[%emt 0:00:21]} 55. Qxb1 {[%emt 0:00:02]} Qxg5 {[%emt 0:00:05]} 56. Qb8 {[%emt 0:00:41]} h5 {[%emt 0:00:31]} 57. Kf2 {[%emt 0:01:12]} Kg7 {[%emt 0:00:21]} 58. Qc7+ {[%emt 0:00:29]} Qe7 {[%emt 0:00:12]} 59. Qe5+ {[%emt 0:00:15]} Qf6 {[%emt 0:00:09]} 60. Qc7+ {[%emt 0:00:04]} Qf7 {[%emt 0:00:07]} 61. Qe5+ {[%emt 0:00:10]} Kh7 {[%emt 0:00:45]} 62. Ne2 {[%emt 0:00:26]} Bg7 {[%emt 0:00:29]} 63. Qd6 {[%emt 0:00:17]} e5 {[%emt 0:00:06]} 64. Kg2 {[%emt 0:00:21]} h4 {[%emt 0:01:18]} 65. Ng1 {[%emt 0:00:27]} e4 {[%emt 0:01:24]} 66. f4 {[%emt 0:00:27]} Qf5 {[%emt 0:00:15]} 67. Kh2 {[%emt 0:01:48]} Qg4 {[%emt 0:00:26]} 0-1

[Event "84th ESP-ch 2019"]
[Site "Marbella"]
[Date "2019.11.24"]
[Round "9.22"]
[White "Guadamuro Torrente, Anabel"]
[Black "Alsina Leal, Daniel"]
[Result "0-1"]
[WhiteElo "2145"]
[BlackElo "2467"]
[Annotator "ChessBase"]
[PlyCount "110"]
[EventDate "2019.11.16"]
[EventType "swiss"]
[EventCountry "ESP"]
[SourceTitle "playchess.com"]
[Source "ChessBase"]
[SourceQuality "1"]
[TimeControl "5400+30"]

1. e4 {[%emt 0:02:19]} c5 {[%emt 0:00:00]} 2. d3 {[%emt 0:00:36]} Nc6 {[%emt 0:00:00]} 3. g3 {[%emt 0:00:47]} Nf6 {[%emt 0:00:01]} 4. Bg2 {[%emt 0:00:06]} d5 {[%emt 0:00:13]} 5. exd5 {[%emt 0:04:55]} Nxd5 {[%emt 0:00:06]} 6. Nc3 {[%emt 0:00:37]} Nxc3 {[%emt 0:01:17]} 7. bxc3 {[%emt 0:00:09]} g6 {[%emt 0:06:55]} 8. Ne2 {[%emt 0:07:15]} Bg7 {[%emt 0:00:15]} 9. O-O {[%emt 0:01:12]} Bd7 {[%emt 0:04:17]} 10. Rb1 {[%emt 0:11:16]} b6 {[%emt 0:02:01]} 11. c4 {[%emt 0:15:19]} Rc8 {[%emt 0:04:26]} 12. Bb2 {[%emt 0:06:29]} Nd4 {[%emt 0:03:17]} 13. Nxd4 {[%emt 0:02:40]} cxd4 {[%emt 0:00:07]} 14. Re1 {[%emt 0:00:41]} O-O {[%emt 0:00:16]} 15. Qd2 {[%emt 0:04:24]} Bc6 {[%emt 0:17:58]} 16. Bxc6 {[%emt 0:04:33]} Rxc6 {[%emt 0:00:07]} 17. Ba3 {[%emt 0:11:05]} Re8 {[%emt 0:00:49]} 18. Qg5 {[%emt 0:00:55]} Bf6 {[%emt 0:07:37]} 19. Qg4 {[%emt 0:02:56]} Qc7 {[%emt 0:03:24]} 20. Bb2 {[%emt 0:00:57]} h5 {[%emt 0:03:24]} 21. Qe4 {[%emt 0:00:37]} Qd7 {[%emt 0:02:43]} 22. h4 {[%emt 0:01:17]} Rc5 {[%emt 0:07:06]} 23. Rbd1 {[%emt 0:05:25]} Ra5 {[%emt 0:03:53]} 24. a3 {[%emt 0:00:52]} Rc8 {[%emt 0:02:06]} 25. Bc1 {[%emt 0:05:49]} e6 {[%emt 0:10:11]} 26. Qf4 {[%emt 0:02:35]} Rf5 {[%emt 0:00:17]} 27. Qe4 {[%emt 0:00:38]} b5 {[%emt 0:00:49]} 28. Bh6 {[%emt 0:02:28]} bxc4 {[%emt 0:01:04]} 29. dxc4 {[%emt 0:01:32]} Rxc4 {[%emt 0:00:53]} 30. Rb1 {[%emt 0:00:27]} Qd5 {[%emt 0:02:06]} 31. Qe2 {[%emt 0:03:27]} Re5 {[%emt 0:01:42]} 32. Qd2 {[%emt 0:00:32]} Rxe1+ {[%emt 0:01:25]} 33. Rxe1 {[%emt 0:00:07]} Qf5 {[%emt 0:02:46]} 34. Re2 {[%emt 0:01:11]} Rc3 {[%emt 0:04:42]} 35. Bg5 {[%emt 0:00:25]} Rxa3 {[%emt 0:03:08]} 36. Bxf6 {[%emt 0:00:22]} Qxf6 {[%emt 0:00:42]} 37. Re1 {[%emt 0:00:30]} Kg7 {[%emt 0:02:20]} 38. Qb4 {[%emt 0:00:28]} Rc3 {[%emt 0:00:41]} 39. Re2 {[%emt 0:00:34]} d3 {[%emt 0:01:53]} 40. cxd3 {[%emt 0:00:30]} Rxd3 {[%emt 0:00:07]} 41. Qb7 {[%emt 0:00:33]} a5 {[%emt 0:01:29]} 42. Ra2 Qe5 {[%emt 0:00:43]} 43. Rc2 {[%emt 0:00:52]} Rd1+ {[%emt 0:00:32]} 44. Kh2 {[%emt 0:00:28]} Qd5 {[%emt 0:00:48]} 45. Qxd5 {[%emt 0:00:31]} Rxd5 {[%emt 0:00:46]} 46. Ra2 {[%emt 0:00:05]} Kf6 {[%emt 0:00:13]} 47. Kg2 {[%emt 0:00:03]} Ke5 {[%emt 0:00:11]} 48. Kf3 {[%emt 0:00:15]} Kd4 {[%emt 0:00:15]} 49. Ke2 {[%emt 0:00:48]} Kc3 {[%emt 0:00:17]} 50. Ra3+ {[%emt 0:00:26]} Kb2 {[%emt 0:00:45]} 51. Ra4 {[%emt 0:00:09]} Kb3 {[%emt 0:00:17]} 52. Ra1 {[%emt 0:00:05]} a4 {[%emt 0:00:39]} 53. Rb1+ {[%emt 0:00:12]} Kc2 {[%emt 0:00:07]} 54. Ra1 {[%emt 0:00:33]} Re5+ {[%emt 0:00:26]} 55. Kf3 {[%emt 0:00:08]} Ra5 {[%emt 0:00:06]} 0-1

[Event "84th ESP-ch 2019"]
[Site "Marbella"]
[Date "2019.11.24"]
[Round "9.24"]
[White "Gomez Dieguez, David"]
[Black "Rey Malde, Henrique"]
[Result "1/2-1/2"]
[WhiteElo "2336"]
[BlackElo "2209"]
[Annotator "NA"]
[PlyCount "90"]
[EventDate "2019.11.16"]
[EventType "swiss"]
[EventCountry "ESP"]
[SourceTitle "playchess.com"]
[Source "ChessBase"]
[SourceQuality "1"]
[TimeControl "5400+30"]

1. e4 {[%emt 0:08:30]} c6 {[%emt 0:00:00]} 2. d4 {[%emt 0:00:35]} d5 {[%emt 0:00:00]} 3. e5 {[%emt 0:03:01]} c5 {[%emt 0:00:00]} 4. dxc5 {[%emt 0:00:11]} e6 {[%emt 0:00:00]} 5. a3 {[%emt 0:00:19]} Nc6 {[%emt 0:00:05]} 6. Nf3 {[%emt 0:01:25]} Bxc5 {[%emt 0:00:07]} 7. b4 {[%emt 0:00:04]} Bb6 {[%emt 0:00:05]} 8. Bd3 {[%emt 0:00:39]} Nge7 {[%emt 0:00:06]} 9. O-O {[%emt 0:02:59]} Ng6 {[%emt 0:00:08]} 10. Re1 {[%emt 0:00:40]} O-O {[%emt 0:01:03]} 11. Bb2 {[%emt 0:01:26]} f6 {[%emt 0:00:14]} 12. exf6 {[%emt 0:17:04]} gxf6 {[%emt 0:00:23]} 13. c4 {[%emt 0:02:43]} Nf4 {[%emt 0:00:05]} 14. Bf1 {[%emt 0:06:44]} dxc4 {[%emt 0:01:23]} 15. Qxd8 {[%emt 0:07:49]} Nxd8 {[%emt 0:03:45]} 16. Bxc4 {[%emt 0:00:39]} Kg7 {[%emt 0:04:20]} 17. Nc3 {[%emt 0:02:20]} e5 {[%emt 0:02:36]} 18. Nd5 {[%emt 0:07:06]} Nxd5 {[%emt 0:02:42]} 19. Bxd5 {[%emt 0:00:04]} Be6 {[%emt 0:04:02]} 20. Be4 {[%emt 0:04:18]} Nc6 {[%emt 0:04:12]} 21. Rac1 {[%emt 0:03:01]} Rfd8 {[%emt 0:21:00]} 22. Bxc6 {[%emt 0:02:22]} bxc6 {[%emt 0:01:03]} 23. Rxc6 {[%emt 0:00:05]} Bg4 {[%emt 0:00:26]} 24. Bc1 {[%emt 0:08:47]} Rd3 {[%emt 0:04:35]} 25. a4 {[%emt 0:00:14]} Bd7 {[%emt 0:07:54]} 26. Rc4 {[%emt 0:01:30]} Bxa4 {[%emt 0:01:03]} 27. Be3 {[%emt 0:00:32]} Rad8 {[%emt 0:05:59]} 28. h3 {[%emt 0:02:52]} Bxe3 {[%emt 0:02:50]} 29. Rxe3 {[%emt 0:00:55]} Rxe3 {[%emt 0:02:13]} 30. Rc7+ {[%emt 0:00:57]} Rd7 {[%emt 0:02:45]} 31. Rxd7+ {[%emt 0:00:37]} Bxd7 {[%emt 0:00:04]} 32. fxe3 {[%emt 0:00:04]} Kf7 {[%emt 0:05:19]} 33. Kf2 {[%emt 0:00:06]} Ke6 {[%emt 0:03:37]} 34. e4 {[%emt 0:03:22]} Kd6 {[%emt 0:01:58]} 35. Ke3 {[%emt 0:00:47]} Kc6 {[%emt 0:00:30]} 36. g4 {[%emt 0:01:07]} Kb5 {[%emt 0:02:47]} 37. g5 {[%emt 0:00:07]} fxg5 {[%emt 0:00:06]} 38. Nxg5 {[%emt 0:00:05]} Kxb4 {[%emt 0:04:26]} 39. Nxh7 {[%emt 0:05:42]} Bxh3 {[%emt 0:03:47]} 40. Kd2 {[%emt 0:01:15]} Bg2 {[%emt 0:05:02]} 41. Ng5 {[%emt 0:00:24]} a5 {[%emt 0:00:23]} 42. Kc1 {[%emt 0:01:13]} a4 {[%emt 0:03:10]} 43. Kb2 {[%emt 0:00:11]} Bxe4 {[%emt 0:01:22]} 44. Nf7 {[%emt 0:00:05]} a3+ {[%emt 0:00:30]} 45. Ka1 {[%emt 0:00:04]} Bd5 {[%emt 0:00:29]} 1/2-1/2